000 00466pab a2200193 454500
008 180718b2014 xxu||||| |||| 00| 0 eng d
100 _aBagchi, Amiya Kumar
245 _aSealing the victory of the corporate sector
260 _c2014
300 _ap.16-18.
362 _a14 Jun
650 _aPrivate sector
650 _aPublic sector
650 _aBanks
650 _aDrugs
773 _aEconomic and Political Weekly
908 _aN
909 _a104396
999 _c104392
_d104392